Reference and information services : An introduction

Guardat en:
Dades bibliogràfiques
Format: Llibre
Idioma:Undetermined
Publicat: Englewood, CL. Library Unlimited 2001
Matèries:
Etiquetes: Afegir etiqueta
Sense etiquetes, Sigues el primer a etiquetar aquest registre!
Thư viện lưu trữ: Trung tâm Học liệu Trường Đại học Cần Thơ
LEADER 00544nam a2200181Ia 4500
001 CTU_99587
008 210402s9999 xx 000 0 und d
082 |a 025.52 
082 |b R333 
245 0 |a Reference and information services : 
245 3 |b An introduction 
245 0 |c Edited by Richard E. Bopp, Linda C. Smith 
260 |a Englewood, CL. 
260 |b Library Unlimited 
260 |c 2001 
650 |a Reference services (Library),Information services 
904 |i Minh 
980 |a Trung tâm Học liệu Trường Đại học Cần Thơ